000 00786nam a2200241 a 4500
001 BRCA_4483
005 20190320204704.0
008 090910s1913----mx-a######---#000-0#eng-#
041 _aeng
044 _amx
050 4 _aF123
_b.M49 1913
245 1 0 _aThe Mexican Herald.
260 _aMéxico
_bThe News
_c1913
300 _a1 v. (en varias paginaciones)
_bil.
_c55 cm.
500 _aEstado físico: ejemplar deteriorado
500 _a16 páginas del Periódico The Mexican Herald con fecha: 10, 11, 12, 13, 14, 15, 19, 20 y 23 febrero, 1913
500 _aPeriódico inventariado por Banco de México como libro
500 _aCC15
650 1 4 _aDiarios
_y1910
_zMéxico
_911357
651 4 _aMéxico
_xHistoria
_yRevolución, 1910-1917
_911358
902 _aGFM
942 _2lcc
_cB
999 _c4189
_d4189